000 010500000a22001450004500
001 257
041 0 _aSPA
082 0 4 _aR 261.91 D41316d
245 1 0 _aDistintivos denominacionales : 1995 / Adenir Nicolás Guerrero Bustamante... [et. al.]
260 _aMedellín, Colombia : Seminario Bíblico de Colombia
300 _a[pag. varía].
505 0 0 _a- Asoc. de Iglesias Evangélicas del Caribe AIEC, Adenir Guerrero, Tania Lambis, Socorro Rosado, Eloy Zúñiga, - Alianza Cristiana Colombiana, Gustavo Puertas - Asambleas de Dios de Colombia, Roberto Oñate - Asoc. de Iglesias Bautistas Evangélicas de Colombia, Ricardo Higuera - Bautista del Sur, Edison Restrepo - Confraternidad Cristiana de Colombia, Carmen Emilce Contreras - Iglesia Evangélica Interamericana, Mirladis Calderon, Héctor Chavez, Prósculo José Romero, - Misión Panamericana, Uriel F. Giraldo, Carlos Zapata - Presbiteriana Cumberland, María Eugenia Rodas - Hermanos en Cristo. Juan Guillermo Gill
650 1 4 _aIGLESIA - DENOMINACIONES \ IGLESIA - HISTORIA
942 _cBK
999 _c31794
_d31794